Unsupervised signal processing : channel equalization and source separation /

Unsupervised Signal Processing: Channel Equalization and Source Separation provides a unified, systematic, and synthetic presentation of the theory of unsupervised signal processing. Always maintaining the focus on a signal processing-oriented approach, this book describes how the subject has evolve...

Full description

Bibliographic Details
Corporate Author: Taylor & Francis
Other Authors: Romano, João Marcos Travassos
Format: eBook
Language:English
Published: Boca Raton : CRC Press, ©2011.
Subjects:
Online Access:Connect to the full text of this electronic book

MARC

Tag First Indicator Second Indicator Subfields
LEADER 00000cam a2200000 a 4500
001 in00005525021
006 m o d
007 cr cnu---unuuu
008 101109s2011 flua ob 001 0 eng d
005 20241108165935.5
035 |a (OCoLC)ocn680036288 
040 |a N$T  |b eng  |e pn  |c N$T  |d EBLCP  |d YDXCP  |d UUS  |d E7B  |d OCLCQ  |d VPI  |d OCLCQ  |d DEBSZ  |d OCLCQ  |d SNK  |d IDEBK  |d OCLCF  |d CRCPR  |d STF  |d OCLCQ  |d DXU  |d OCLCA  |d UAB  |d OTZ  |d OCLCQ  |d ERL  |d OCLCQ  |d CEF  |d OCLCQ  |d NLE  |d YDX  |d AU@  |d UKMGB  |d WYU  |d UWO  |d S9I  |d LEAUB  |d UKAHL  |d OCLCQ  |d K6U  |d OCLCO  |d OCLCQ  |d OCLCO  |d OCLCQ  |d SFB  |d OCLCQ  |d OCLCO  |d OCLCL 
015 |a GBB7A8516  |2 bnb 
016 7 |a 018389669  |2 Uk 
019 |a 674693885  |a 712995239  |a 741350959  |a 756508046  |a 1065699540  |a 1067244845  |a 1110598402 
020 |a 9781420019469  |q (electronic bk.) 
020 |a 1420019465  |q (electronic bk.) 
020 |a 9781315221212 
020 |a 1315221217 
020 |a 9781351828413 
020 |a 135182841X 
020 |z 9780849337512 
020 |z 0849337518 
024 7 |a 10.1201/b10370  |2 doi 
035 |a (OCoLC)680036288  |z (OCoLC)674693885  |z (OCoLC)712995239  |z (OCoLC)741350959  |z (OCoLC)756508046  |z (OCoLC)1065699540  |z (OCoLC)1067244845  |z (OCoLC)1110598402 
037 |a TANDF_187094  |b Ingram Content Group 
050 4 |a TK5102.9  |b .U57 2011eb 
072 7 |a COM  |x 031000  |2 bisacsh 
072 7 |a TEC  |x 067000  |2 bisacsh 
082 0 4 |a 621.382/2  |2 22 
049 |a TXAM 
245 0 0 |a Unsupervised signal processing :  |b channel equalization and source separation /  |c João M.T. Romano [and others]. 
260 |a Boca Raton :  |b CRC Press,  |c ©2011. 
300 |a 1 online resource (xxvii, 311 pages) :  |b illustrations 
336 |a text  |b txt  |2 rdacontent 
337 |a computer  |b c  |2 rdamedia 
338 |a online resource  |b cr  |2 rdacarrier 
347 |a data file 
504 |a Includes bibliographical references and index. 
588 0 |a Print version record. 
505 0 |a Cover13; -- Contents -- List of Figures -- List of Tables -- Foreword -- Preface -- Acknowledgments -- Authors -- Chapter 1: Introduction -- Chapter 2: Statistical Characterization of Signals and Systems -- Chapter 3: Linear Optimal and Adaptive Filtering -- Chapter 4: Unsupervised Channel Equalization -- Chapter 5: Unsupervised Multichannel Equalization -- Chapter 6: Blind Source Separation -- Chapter 7: Nonlinear Filtering and Machine Learning -- Chapter 8: Bio-Inspired Optimization Methods -- Appendix A: Some Properties of the Correlation Matrix -- Appendix B: Kalman Filter -- References -- Back cover. 
520 |a Unsupervised Signal Processing: Channel Equalization and Source Separation provides a unified, systematic, and synthetic presentation of the theory of unsupervised signal processing. Always maintaining the focus on a signal processing-oriented approach, this book describes how the subject has evolved and assumed a wider scope that covers several topics, from well-established blind equalization and source separation methods to novel approaches based on machine learning and bio-inspired algorithms. From the foundations of statistical and adaptive signal processing, the. 
650 0 |a Signal processing. 
650 0 |a Source separation (Signal processing) 
650 0 |a Equalizers (Electronics) 
650 6 |a Traitement du signal. 
650 6 |a Séparation de sources (Traitement du signal) 
650 6 |a Égaliseurs (Électronique) 
650 7 |a COMPUTERS  |x Information Theory.  |2 bisacsh 
650 7 |a TECHNOLOGY & ENGINEERING  |x Signals & Signal Processing.  |2 bisacsh 
650 7 |a Equalizers (Electronics)  |2 fast 
650 7 |a Signal processing  |2 fast 
650 7 |a Source separation (Signal processing)  |2 fast 
655 7 |a Electronic books.  |2 local 
700 1 |a Romano, João Marcos Travassos. 
710 2 |a Taylor & Francis. 
758 |i has work:  |a Unsupervised signal processing (Text)  |1 https://id.oclc.org/worldcat/entity/E39PCGPGMJ7gVkXTV7jXPgftjy  |4 https://id.oclc.org/worldcat/ontology/hasWork 
776 0 8 |i Print version:  |t Unsupervised signal processing.  |d Boca Raton : CRC Press, ©2011  |z 9780849337512  |w (DLC) 2010010720  |w (OCoLC)144565616 
856 4 0 |u http://proxy.library.tamu.edu/login?url=https://www.taylorfrancis.com/books/9781315221212  |z Connect to the full text of this electronic book  |t 0 
955 |a Taylor and Francis ENGnetBASE 
994 |a 92  |b TXA 
999 f f |s 7afe9d1b-0234-4f69-8576-3032bc4d9677  |i a8b06933-39f1-407f-9c35-eaa676b6812e  |t 0 
952 f f |a Texas A&M University  |b College Station  |c Electronic Resources  |d Available Online  |t 0  |e TK5102.9 .U57 2011eb  |h Library of Congress classification 
998 f f |a TK5102.9 .U57 2011eb  |t 0  |l Available Online